Iliada

Saved in:
Bibliographic Details
Main Author: Homero (autor)
Format: Book
Language:Spanish
Published: Barcelona Vosgos 1976
Edition:7a. ed
Series:Colección Grandes Maestros, 60
Subjects:
Tags: Add Tag
No Tags, Be the first to tag this record!

MARC

LEADER 00000nam a2200000 a 4500
001 UCX4455
003 CL-VaPUC
008 920514e19760000SP |||||||||||||||||spa|d
020 |a 8434600463 
082 0 4 |a 883  |b HOM  |2 21 
100 |a Homero   |e autor  |9 265577 
245 1 0 |a Iliada 
250 |a 7a. ed 
300 |a 346 p 
942 |c BK 
945 |d 19920514 00:00:00 
260 |a Barcelona  |b Vosgos  |c 1976 
650 7 |a POESIA EPICA GRIEGA  |2 CL-VaPUC  |9 265215 
583 |a last modification  |c 19920514 00:00:00  |k Rodrigo Vera 
490 0 |a Colección Grandes Maestros, 60 
999 |c 224905  |d 224903 
952 |0 0  |1 0  |4 0  |6 883_000000000000000_HOM_1976  |7 0  |8 A  |9 221967  |a BIBEDU  |b BIBEDU  |d 2019-11-15  |i 2908255  |o 883 HOM 1976  |p 2908255  |r 2019-11-15  |w 2019-11-15  |y BK  |k LIT 
952 |0 0  |1 0  |4 0  |6 883_000000000000000_HOM_1976  |7 0  |8 A  |9 221968  |a BIBEDU  |b BIBEDU  |d 2019-11-15  |i 3253376  |l 3  |o 883 HOM 1976  |p 3253376  |r 2024-03-19  |s 2024-03-12  |w 2019-11-15  |y BK  |k LIT 
952 |0 0  |1 0  |4 0  |6 883_000000000000000_HOM_1976  |7 0  |8 A  |9 221969  |a BIBEDU  |b BIBEDU  |d 2019-11-15  |i 1937251  |o 883 HOM 1976  |p 1937251  |r 2019-11-15  |w 2019-11-15  |y BK  |k LIT 
952 |0 0  |1 0  |4 0  |6 883_000000000000000_HOM_1976  |7 0  |8 A  |9 221970  |a BIBEDU  |b BIBEDU  |d 2019-11-15  |i 1937103  |l 1  |o 883 HOM 1976  |p 1937103  |r 2025-03-17  |s 2025-03-11  |w 2019-11-15  |y BK  |k LIT